| 000 | 00411nam a2200169 a 4500 | ||
|---|---|---|---|
| 001 | 0000-9095 | ||
| 003 | ELIB.Books | ||
| 008 | 110520 1997 | ||
| 035 | _a(ELIB.Books)0000-9244 | ||
| 082 |
_a248.4 _bFul |
||
| 100 | _aFuller, J. D. | ||
| 245 | _aUnder Siege | ||
| 260 |
_bSherman: J. D. Fuller III _c1997 |
||
| 650 | _aChristian Life | ||
| 942 |
_2ddc _cBK |
||
| 998 |
_cbat _e2011-05-20 |
||
| 999 |
_c9095 _d9095 |
||